| 000 | 00662nam a2200217 a 4500 | ||
|---|---|---|---|
| 005 | 20210223132845.0 | ||
| 008 | 160303s2006 mx r 000 0 spa d | ||
| 020 | _a9708020389 ( INBA) | ||
| 020 | _a9689045121 (Calamus) | ||
| 035 | _aUPN01000208663 | ||
| 049 | _aCG | ||
| 050 | 4 |
_aPQ9698.22 E4.4 _bA9.4 |
|
| 100 | 1 |
_aLeminski, Paulo, _d1944-1989 _938672 |
|
| 245 | 1 | 0 |
_aAviso a los náufragos / _cPaulo Leminski ; selec. y tr. de Rodolfo Mata. |
| 260 |
_aMéxico : _bINBA : _bCalamus, _c2006. |
||
| 300 | _a199 p. | ||
| 650 | 4 |
_aPOESIA BRASILEÑA _924732 |
|
| 700 | 1 |
_aMata Sandoval, Rodolfo, _d1960- _ecomp. _940803 |
|
| 905 | _aLibro | ||
| 999 |
_c180764 _d180764 |
||